00500nam a2200133Ia 45000010005000000080041000050820018000461000066000642450167001302600019002975900007003169010028003239990015003511799241024s9999 xx 000 0 und d aRD/460/426p/5 aRepública Dominicana. Secretaría de Estado de Educación 0aProyectos de trabajo: Hacia la integración de los conocimientos. Guía 5 para la enseñanza de la lengua escrita en 1ro. y 2do. grados de educación básica bEd. Centenario asi a28/9/2011 10:06:13 a.m. c8229d8229